00294nam a2200121Ia 4500008004100000041000800041082001500049100001100064245002800075260003300103300001900136999001700155241015s9999 xx 000 0 und d aeng a650.14 REI aReiman aSoft Skills For Dummies bWiley IndiaaNew Delhic2023 a188;. P. 23 cm c41868d41868